Central Library OPAC University of Rajshahi

Outlines of civics / (Record no. 46489)

MARC details
000 -LEADER
fixed length control field 00689nam a2200253 a 4500
001 - CONTROL NUMBER
control field 46489
003 - CONTROL NUMBER IDENTIFIER
rucl marc code BD-RjUL
005 - DATE AND TIME OF LATEST TRANSACTION
control field 20211209054147.0
008 - FIXED-LENGTH DATA ELEMENTS--GENERAL INFORMATION
fixed length control field 160802s1964 ii b 000 0 eng
035 ## - SYSTEM CONTROL NUMBER
System control number (BD-RjUL)46607
040 ## - CATALOGING SOURCE
Original cataloging agency DLC
Transcribing agency DLC
Modifying agency DLC
Language of cataloging eng
041 ## - LANGUAGE CODE
Language code of text/sound track or separate title eng
082 ## - DEWEY DECIMAL CLASSIFICATION NUMBER
Classification number 342.5491
Author mark and year CHO 1964
100 1# - MAIN ENTRY--PERSONAL NAME
Personal name Chaudhuri, Muzaffar Ahmed.
9 (RLIN) 137067
245 10 - TITLE STATEMENT
Title Outlines of civics /
Statement of responsibility, etc. Muzaffar Ahmed Chaudhuri
260 ## - PUBLICATION, DISTRIBUTION, ETC. (IMPRINT)
Place of publication, distribution, etc. Chaumuhani :
Name of publisher, distributor, etc. Puthighar,
Date of publication, distribution, etc. 1964
300 ## - PHYSICAL DESCRIPTION
Pagination vi, 594 p. ;
Size 22 cm.
350 ## - PRICE (NR) (BK AM CF MU VM SE) [OBSOLETE]
Price Rs7.50
504 ## - BIBLIOGRAPHY, ETC. NOTE
Bibliography, etc Bibliographical footnotes.
650 #0 - SUBJECT ADDED ENTRY--TOPICAL TERM
Topical term or geographic name as entry element Civics, Pakistani.
9 (RLIN) 141862
Topical term or geographic name as entry element Civics.
9 (RLIN) 128620
942 ## - ADDED ENTRY ELEMENTS (KOHA)
Source of classification or shelving scheme Dewey Decimal Classification
Koha item type Books
Holdings
Lost status Source of classification or shelving scheme Damaged status Not for loan Collection code Permanent Location Current Location Shelving location Date acquired Source of acquisition Cost, normal purchase price Total Checkouts Full call number Date last seen Copy number Koha item type
  Dewey Decimal Classification     Non-fiction Central Library, University of Rajshahi Central Library, University of Rajshahi   27/11/1964 Mirza book 7.00   342.5491 CHO 1964 02/08/2016 C-2 Books
  Dewey Decimal Classification   Not For Loan Non-fiction Central Library, University of Rajshahi Central Library, University of Rajshahi Reading Room 26/10/1964 N/A 0.00   342.5491 CHO 1964 21/01/2017 C-1 Books